Statistics for TV Theme Songs Quiz #2

Click here to take the quiz!

General Stats

  • This quiz has been taken 31,757 times
    (20,144 since last reset)
  • The average score is 8 of 19

Answer Stats

Lyric TV Show % Correct
Sometimes you want to go, where everybody knows your nameCheers
78%
They're creepy and they're kooky / Mysterious and spookyThe Addams Family
77%
Bad boy, bad boys whatcha gonna do?Cops
66%
Here's the story of a lovely lady who was bringing up three very lovely girlsThe Brady Bunch
63%
It seems today, that all you see, is violence in movies and sex on TVFamily Guy
63%
Love and marriage / Go together like a horse and carriageMarried... with Children
54%
People say we monkey around / But we're too busy singing / to put anybody downThe Monkees
47%
Feels so right you can't be wrong / Rockin' and rollin' all week longHappy Days
40%
Na na na na na na na na / Na na na na na na na naBatman
38%
Farm livin' is the life for me / Land spreadin' out so far and wideGreen Acres
37%
I can't do this all on my own. No I'm no. I'm no SupermanScrubs
35%
Everywhere you look, everywhere you go / There's a heart, (There's a heart) /
A hand to hold on to
Full House
34%
What would you do if I sang out of tune? / Would you stand up and walk out on meThe Wonder Years
29%
Now, the world don't move to the beat of just one drum /
What might be right for you, may not be right for some
Diff'rent Strokes
28%
Well, I wake up in the morning / And the alarm gives out a warning /
And I don't think I'll ever make it on time
Saved by the Bell
28%
California here we come / Right back where we started fromThe O.C.
21%
And they're all made out of ticky tacky / And they all look just the sameWeeds
14%
Burn the land and boil the sea / You can't take the sky from meFirefly
10%
Now keep in mind Joel can't control / Where the movies begin or end (la-la-la)MST3K
8%

Score Distribution

Percentile by Number Answered

Percent of People with Each Score

Your Score History

You have not taken this quiz since the last reset